Исследование стабильности наносекундных источников света на основе синих светоизлучающих диодов из соединений CaN и InGaN; Приборы и техника эксперимента; № 4

Dades bibliogràfiques
Parent link:Приборы и техника эксперимента/ Российская академия наук.— , 1956-.— 0032-8162
№ 4.— 2004.— с. 80-84
Autor principal: Вятчин Е. Э.
Altres autors: Лусандоржиев Б. К.
Idioma:rus
Publicat: 2004
Col·lecció:Общая экспериментальная техника
Matèries:
Format: MixedMaterials Capítol de llibre
KOHA link:https://koha.lib.tpu.ru/cgi-bin/koha/opac-detail.pl?biblionumber=427374

MARC

LEADER 00000naa2a2200000 4500
001 427374
005 20231101074636.0
035 |a (RuTPU)RU\TPU\prd\86541 
035 |a RU\TPU\prd\38547 
090 |a 427374 
100 |a 20100908a2004 k y0rusy50 ca 
101 0 |a rus 
102 |a RU 
200 1 |a Исследование стабильности наносекундных источников света на основе синих светоизлучающих диодов из соединений CaN и InGaN  |f Е. Э. Вятчин, Б. К. Лусандоржиев 
225 1 |a Общая экспериментальная техника 
320 |a Библиогр.: 17 назв. 
461 0 |0 (RuTPU)RU\TPU\prd\300  |x 0032-8162  |t Приборы и техника эксперимента  |f Российская академия наук  |d 1956- 
463 0 |0 (RuTPU)RU\TPU\prd\86528  |t № 4  |v с. 80-84  |d 2004 
610 1 |a источники света 
610 1 |a наносекундные устройства 
610 1 |a параметры 
610 1 |a светоизлучающие диоды 
610 1 |a калибровочные измерения 
610 1 |a стабильность 
610 1 |a глубоководные нейтринные телескопы 
675 |a 535.89  |v 3 
675 |a 539.1.075  |v 3 
700 1 |a Вятчин  |b Е. Э. 
701 1 |a Лусандоржиев  |b Б. К. 
801 1 |a RU  |b 63413507  |c 20050928  |g PSBO 
801 2 |a RU  |b 63413507  |c 20100909  |g PSBO 
942 |c BK